The Acts of the Apostles / (Record no. 3587)

MARC details
000 -LEADER
fixed length control field 00726nam a22002292 4500
001 - CONTROL NUMBER
control field 0000012670
005 - DATE AND TIME OF LATEST TRANSACTION
control field 20151217145856.0
008 - FIXED-LENGTH DATA ELEMENTS--GENERAL INFORMATION
fixed length control field 090308s xx 000 0 eng d
020 ## - INTERNATIONAL STANDARD BOOK NUMBER
International Standard Book Number 0715207864 :
040 ## - CATALOGING SOURCE
Original cataloging agency KABU
Transcribing agency KABU
100 1# - MAIN ENTRY--PERSONAL NAME
Personal name Barclay, William.
-- 0000160625
245 14 - TITLE STATEMENT
Title The Acts of the Apostles /
Statement of responsibility, etc. William Barclay.
250 ## - EDITION STATEMENT
Edition statement 3rd ed.
260 ## - PUBLICATION, DISTRIBUTION, ETC. (IMPRINT)
Place of publication, distribution, etc. Edinburgh :
Name of publisher, distributor, etc. Saint Andrew Press,
Date of publication, distribution, etc. 2003.
300 ## - PHYSICAL DESCRIPTION
Extent xxix, 228 p.
440 #4 - SERIES STATEMENT/ADDED ENTRY--TITLE
Title The New study Bible
-- 0000169553
630 00 - SUBJECT ADDED ENTRY--UNIFORM TITLE
Uniform title Bible.
Name of part/section of a work N. T.
-- Acts.
Form subdivision Commentaries.
-- 0000169554
852 1# - LOCATION
-- p890 KES
852 1# - LOCATION
-- p890 KES
908 ## - PUT COMMAND PARAMETER (RLIN)
Put command parameter 090308
950 ## - LOCAL HOLDINGS (RLIN)
-- 1
Holdings
Withdrawn status Lost status Source of classification or shelving scheme Not for loan Home library Current library Date acquired Total Checkouts Full call number Barcode Date last seen Date last checked out Price effective from Koha item type
    Library of Congress Classification   Kabarak, Main Campus Kabarak, Main Campus 17/12/2015 5 BS2623 .B37 2003 c. 1 17040 04/02/2025 24/01/2025 17/12/2015 General Collection
    Library of Congress Classification   Kabarak, Main Campus Kabarak, Main Campus 17/12/2015 4 BS2623 .B37 2003 c. 2 17041 02/08/2024 24/09/2019 17/12/2015 General Collection
    Library of Congress Classification   Kabarak, Main Campus Kabarak, Main Campus 17/12/2015 3 BS2623 .B37 2003 c. 3 17042 02/08/2024 28/06/2021 17/12/2015 General Collection
Designed with assistance from East African Informatics Ltd